000 00729cam a2200229 a 4500
001 1860785
005 20180302034726.0
008 820827s1982 utu b 001 0 eng
010 _a 82016609
020 _a0911226249 :
_c$9.00
020 _a0911226257 (pbk.) :
_c$5.50
040 _aDLC
_cDLC
_dDLC
041 _aeng
080 _a616.8914
082 0 0 _a616.8914 BAN
_219
100 1 _a7
101 _aNEU
245 1 0 _aReframing :
_cby Richard Bandler and John Grinder ; edited by Steve Andreas and Connirae Andreas.
504 _aBibliography: p. 206.
906 _a7
_bcbc
_corignew
_d1
_eocip
_f19
_gy-gencatlg
942 _2ddc
_cBK
999 _c43938
_d43938